Mercado Financiero desintermediado y Ciclo Regulatorio

Detalles Bibliográficos
Autor principal: Eiranova Encinas, Emilio
Formato: eBook
Lenguaje:español
Publicado: Barcelona: J.M. Bosch Editor, 2019
Materias:
Acceso en línea:Acceso restringido

MARC

LEADER 00000nam a22000007a 4500
005 2019091102512.0
007 cr|||| ||||
008 190911s2019 es |||||s|||| 00||0 spa d
020 |a 978-84-120243-7-1 
035 |a 24835 
040 |a vLex 
090 |c 9484  |d 9484 
100 1 |a Eiranova Encinas, Emilio 
245 1 0 |a Mercado Financiero desintermediado y Ciclo Regulatorio  |h [Recurso electrn̤ico] /  |c Emilio Eiranova Encinas 
256 |a Servicio en ln̕ea 
260 |a Barcelona:  |b J.M. Bosch Editor,  |c 2019 
300 |a 1 recurso electrn̤ico 
500 |a El libro que el lector tiene en sus manos explica como la causa de la crisis financiera del aǫ 2008 est ̀en la descomposicin̤ de la naturaleza de la Ley en las sociedades Occidentales. El punto de vista es enormemente original. Se aleja de la doctrina mayoritaria y general que ha visto la causa de aquella crisis financiera precisamente en la falta de regulacin̤ y que abog ̤por una mayor regulacin̤ del sector financiero intermediado. Con criterios ter̤icos, prc̀ticos, histr̤icos y positivos, el autor usa conceptos y categora̕s de las disciplinas del Derecho y la Economa̕ para defender sus ideas. Como gua̕ central del libro est ̀la defensa de la libertad, la cual sl̤o es posible, segn︢ el autor, de acuerdo con el entendimiento correcto de la naturaleza de la Ley. A partir de ah,̕ se ofrecen al lector argumentos y ejemplos en los que el Estado ha usado de la Ley para privilegiar al sector financiero intermediado, a la vez que ha obstaculizado que otros agentes financieros pudieran actuar en el mercado. Como categora̕ econm̤ica y jurd̕ica importante est,̀ en medio de la obra, la explicacin̤ del fenm̤eno que el autor explica como causa del ciclo econm̤ico expansivo del crďito. 
506 1 |a Disponible solo en los productos indicados  |d vLex Global  |d vLex Global (Academic Edition, excluding Law Schools)  |d vLex Global (U.S. Academic Edition, Law Schools)  |d vLex Global (U.S. Academic Edition, excluding Law Schools)  |d vLex Global (Academic Edition, Law Schools) 
650 0 4 |a Financiero  |z Espaą 
740 0 |a vLex Libros (Servicio en ln̕ea) 
856 4 0 |u http://vlex.com/source/mercado-financiero-desintermediado-y-ciclo-regulatorio-24835  |z Acceso restringido 
942 |c BOOK 
999 0 |a Financial